Espectáculos públicos. Exhibición cinematográfica. CCT 731/2015. Acuerdo salarial 2018/2019 (Registro nro. 34141)

Detalles MARC
000 -LEADER
fixed length control field 00376 a2200109 4500
001 - CONTROL NUMBER
control field ART_48330
005 - DATE AND TIME OF LATEST TRANSACTION
control field 20260410162033.0
008 - FIXED-LENGTH DATA ELEMENTS--GENERAL INFORMATION
fixed length control field 260409a
100 1# - MAIN ENTRY--PERSONAL NAME
Personal name Godoy, Laura M.
245 10 - TITLE STATEMENT
Title Espectáculos públicos. Exhibición cinematográfica. CCT 731/2015. Acuerdo salarial 2018/2019
773 0# - HOST ITEM ENTRY
Title Liquidación de sueldos
Related parts - N° 153 (feb. 2019)
Record control number REV44399

No hay ítems disponibles.